| 000 | 00555nam a2200217Ia 4500 | ||
|---|---|---|---|
| 008 | 101110s9999 xx 000 0 und d | ||
| 041 | _aENGLISH | ||
| 082 | _bSR29720 | ||
| 100 | _aPatil Z.N., Valke B.S. and others | ||
| 245 | _aEnglish for practical purposes | ||
| 260 |
_c2006 _bMacmillan India ltd.,Mumbai |
||
| 300 | _a177 | ||
| 365 | _b50 | ||
| 520 | _aEnglish | ||
| 546 | _aENGLISH | ||
| 630 | _aEnglish for practical purposes | ||
| 650 | _aEnglish | ||
| 655 | _aEnglish | ||
| 730 | _aEnglish for practical purposes | ||
| 942 | _cBOOK | ||
| 999 |
_c822228 _d822225 |
||